Dopasuj Państwa do liczby Sąsiadów - klikanie - Statystyki

Ogólne statystyki
  • Ten quiz został rozwiązany 11 razy
  • Średni wynik to 11 z 25
Statystyki odpowiedzi
Hint Odpowiedź % Poprawnych
Irlandia 1
86%
Dania 1
71%
Luksemburg 3
71%
Norwegia 3
71%
Rosja 14
57%
Belgia 4
57%
Peru 5
57%
Słowacja 5
57%
Włochy 6
57%
Polska 7
57%
Katar 1
43%
Estonia 2
43%
Albania 4
43%
Chiny 14
29%
Chile 3
29%
Oman 3
29%
Tajlandia 4
29%
Argentyna 5
29%
Rumunia 5
29%
Ukraina 7
29%
Tanzania 8
29%
Niemcy 9
29%
Czechy 4
14%
Iran 7
14%
Niger 7
14%
Nie znaleziono quizów pasujących do podanych kryteriów
Rozkład punktacji
Procent ludzi z każdym wynikiem
Percentyl według liczby udzielonych odpowiedzi
Twoja historia wyników
Nie rozwiązałeś tego quizu